<?xml version="1.0" encoding="UTF-8"?>
<marc:record xmlns:marc="http://www.loc.gov/MARC21/slim">
   <marc:leader>00000nam a2200000 a 4500</marc:leader>
   <marc:datafield ind1="1" ind2=" " tag="100">
      <marc:subfield code="a">Simsion, Graeme</marc:subfield>
      <marc:subfield code="4">aut</marc:subfield>
      <marc:subfield code="e">Verfasser/-in</marc:subfield>
   </marc:datafield>
   <marc:datafield ind1="1" ind2=" " tag="100">
      <marc:subfield code="a">Kube, Oliver</marc:subfield>
      <marc:subfield code="4">aut</marc:subfield>
      <marc:subfield code="e">Verfasser/-in</marc:subfield>
   </marc:datafield>
   <marc:datafield ind1=" " ind2=" " tag="653">
      <marc:subfield code="a">Hörbuch</marc:subfield>
   </marc:datafield>
   <marc:datafield ind1=" " ind2=" " tag="653">
      <marc:subfield code="a">Liebe</marc:subfield>
   </marc:datafield>
   <marc:datafield ind1=" " ind2=" " tag="653">
      <marc:subfield code="a">Autismus</marc:subfield>
   </marc:datafield>
   <marc:datafield ind1=" " ind2=" " tag="653">
      <marc:subfield code="a">Humor</marc:subfield>
   </marc:datafield>
   <marc:datafield ind1="0" ind2="0" tag="245">
      <marc:subfield code="a">Der Rosie Effekt</marc:subfield>
   </marc:datafield>
   <marc:datafield ind1="0" ind2="0" tag="245">
      <marc:subfield code="b">noch verrückter nach ihr</marc:subfield>
   </marc:datafield>
   <marc:datafield ind1="0" ind2="0" tag="245">
      <marc:subfield code="c">Graeme Simsion. Gelesen von Oliver Kube</marc:subfield>
   </marc:datafield>
   <marc:datafield ind1=" " ind2="1" tag="264">
      <marc:subfield code="b">Argon Hörbuch</marc:subfield>
      <marc:subfield code="c">2014</marc:subfield>
   </marc:datafield>
   <marc:datafield ind1="1" ind2=" " tag="520">
      <marc:subfield code="a">Don Tillmans &#x84;Projekt Ehefrau&#x93; ist erfolgreich abgeschlossen. Zusammen mit Rosie lebt er in New York. Und Rosie ist schwanger! Don will natürlich der brillanteste werdende Vater aller Zeiten sein. Doch seine ungewöhnlichen Recherchemethoden führen erst einmal dazu, dass er auf einem Kinderspielplatz verhaftet wird. Was Rosie auf keinen Fall erfahren darf. Also muss Don improvisieren, seinen Freund Gene einspannen und die Sozialarbeiterin Lydia von seinen Vaterqualitäten überzeugen. Nebenbei gilt es noch Genes Ehe und den Betrieb seines neuen Freundes Dave zu retten. Bei alledem übersieht Don fast das Wichtigste: seine Liebe zu Rosie und die Gefahr, sie genau dann zu verlieren, wenn sie ihn am meisten braucht.</marc:subfield>
   </marc:datafield>
   <marc:datafield ind1=" " ind2=" " tag="041">
      <marc:subfield code="a">ger</marc:subfield>
   </marc:datafield>
   <marc:datafield ind1="0" ind2=" " tag="490">
      <marc:subfield code="v">0</marc:subfield>
   </marc:datafield>
   <marc:datafield ind1=" " ind2=" " tag="300">
      <marc:subfield code="a">6 CDs (ca. 7 h 9 min.)</marc:subfield>
   </marc:datafield>
</marc:record>
